000 00425nam a2200145 i 4500
001 39834
003 ES-MaACL
005 20230906160105.0
007 t|
008 030304q19501959ag ||||1| spa d
245 0 0 _aCapacitación del trabajador.
260 _a[Buenos Aires] :
_bServicio Internacional Publicaciones Argentinas,
_c[195-?] (
_fImp. S.I.P.A.)
300 _a57 p. ;
_c25 cm.
852 _aES-MaACL
_jC-21657
_bR.35999
999 _c39834
_d39834